Central Library OPAC University of Rajshahi

Electromagnetic waves and radiating systems (Record no. 8984)

MARC details
000 -LEADER
fixed length control field 01265cam a2200349 4500
001 - CONTROL NUMBER
control field 8984
003 - CONTROL NUMBER IDENTIFIER
rucl marc code BD-RjUL
005 - DATE AND TIME OF LATEST TRANSACTION
control field 20211208234707.0
008 - FIXED-LENGTH DATA ELEMENTS--GENERAL INFORMATION
fixed length control field 142001s1968 njua b 001 0 engm
035 ## - SYSTEM CONTROL NUMBER
System control number MITb10333967
System control number (OCoLC)00439397
System control number GLIS00333967
-- (BD-RjUL)9029
040 ## - CATALOGING SOURCE
Original cataloging agency DLC
Transcribing agency DLC
Modifying agency m/c
-- MYG
-- BD-RjUL
Language of cataloging eng
041 ## - LANGUAGE CODE
Language code of text/sound track or separate title eng
082 ## - DEWEY DECIMAL CLASSIFICATION NUMBER
Edition number 537.1
Author mark and year JOE
090 ## - LOCALLY ASSIGNED LC-TYPE CALL NUMBER (OCLC); LOCAL CALL NUMBER (OCLC)
Classification number (OCLC) (R) ; Classification number, CALL (RLIN) (NR) TK145
Local cutter number (OCLC) ; Book number/undivided call number, CALL (RLIN) .J82 1968
099 ## - LOCAL FREE-TEXT CALL NUMBER (OCLC)
Bangla Class number TK145.J82 1968
100 1# - MAIN ENTRY--PERSONAL NAME
Personal name Jordan, Edward C.
Fuller form of name (Edward Conrad)
9 (RLIN) 27891
245 10 - TITLE STATEMENT
Title Electromagnetic waves and radiating systems
Statement of responsibility, etc. [by] Edward C. Jordan [and] Keith G. Balmain.
250 ## - EDITION STATEMENT
Edition statement 2d ed.
260 ## - PUBLICATION, DISTRIBUTION, ETC. (IMPRINT)
Place of publication, distribution, etc. Englewood Cliffs, N.J. :
Name of publisher, distributor, etc. Prentice-Hall ,
Date of publication, distribution, etc. c1968.
300 ## - PHYSICAL DESCRIPTION
Pagination xiii, 753 p. :
Illustrations illus. ;
Size 24 cm.
490 1# - SERIES STATEMENT
Series statement Prentice-Hall electrical engineering series
504 ## - BIBLIOGRAPHY, ETC. NOTE
Bibliography, etc Includes bibliographies and index.
650 #0 - SUBJECT ADDED ENTRY--TOPICAL TERM
Topical term or geographic name as entry element Electrical engineering.
9 (RLIN) 23930
700 1# - ADDED ENTRY--PERSONAL NAME
Personal name Balmain, K. G.
Fuller form of name (Keith G.)
830 #0 - SERIES ADDED ENTRY--UNIFORM TITLE
Uniform title Prentice-Hall electrical engineering series.
942 ## - ADDED ENTRY ELEMENTS (KOHA)
Source of classification or shelving scheme Dewey Decimal Classification
Koha item type Books
949 ## - LOCAL PROCESSING INFORMATION (OCLC)
a MYGE
b 39080003612865
-- 39080004903495
-- 39080004903503
-- 39080004903511
-- 39080004903529
-- 39080004895451
-- 39080004895469
-- 39080004895477
-- 39080004895485
Holdings
Lost status Source of classification or shelving scheme Damaged status Not for loan Collection code Permanent Location Current Location Shelving location Date acquired Source of acquisition Cost, normal purchase price Total Checkouts Full call number Date last seen Copy number Koha item type
  Dewey Decimal Classification     Non-fiction Central Library, University of Rajshahi Central Library, University of Rajshahi   07/06/2006 Dhaka Progan Enterprise 195.00   537.1 JOE 1968 20/01/2014 C-10 Books